Export-Led Recovery in Portugal: Can It Also Sustain Growth?

Na minha lista:
Detalhes bibliográficos
Autor principal: Carvalho, Goncalo
Outros Autores: Simoes, Marta, Duarte, António Portugal
Formato: Capítulo de Livro
Idioma:inglês
Tags: Adicionar Tag
Sem tags, seja o primeiro a adicionar uma tag!

MARC

LEADER 00000naa$a2200000$$$4500
001 0307109
005 20250218114856.6
041 0 |a eng 
044 |a US 
245 1 0 |a Export-Led Recovery in Portugal: Can It Also Sustain Growth?  |c Goncalo Carvalho, Marta Simoes, António Portugal Duarte 
100 1 |a Carvalho, Goncalo 
700 1 |a Simoes, Marta 
700 1 |a Duarte, António Portugal